00558nam a2200133Ia 4500008004100000100002400041245008800065245012200153260005300275260000900328300001100337650001500348856006100363170221s9999 xx 000 0 und d aDmitry E. Morkovkin aFactors and Material Conditions for Space-Intensive Economic Development of Region  cDmitry E. Morkovkin, Alexei Y. Mamychev, Nataliya V. Yakovenko, Igor V. Komov, Mariya V. Derevyagina, Olga V. Didenko bInternational Review of Management and Marketing c2016 a6 : 1S xMarketing. uhttp://www.econjournals.com/index.php/irmm/issue/view/70